=LDR 00000nam 2200000 4500 =001 INLIS000000000043307 =005 20131008103046 =008 ***********************************ind** =035 ##$$a0010-101300000001229 =041 ##$$a ind =082 ##$$a 616.979 2 =090 ##$$a 616.979 2, Mun a =100 ##$$a MUNINJAYA, AA Gde =245 ##$$a Aids di Indonesia, Masalah dan kebijakan penanggulangannya, AA Gde Muninjaya =260 ##$$a 1999 $b Jakarta =300 ##$$a xii, 143 hlm, 21 cm =650 ##$$a AIDS =850 ##$$a NBPNMAT =990 ##$$a 0001/BPAP-NTB/20142014 =990 ##$$a 0001/BPAP-NTB/20142014